| 000 | 01503namaa2200397Ia 4500 | ||
|---|---|---|---|
| 001 | MIU01100000000000000000976 | ||
| 003 | MiU | ||
| 005 | 20231010141641.0 | ||
| 008 | 180507s2016 nyu sb 001 0 eng d | ||
| 007 | cr mnummmmuuuu | ||
| 040 |
_aMiU _cMiU |
||
| 024 | 7 |
_a2027/heb33782 _2hdl |
|
| 090 |
_aB3209.B584 _b(INTERNET) |
||
| 245 | 0 | 0 |
_aWalter Benjamin and theology _h[electronic resource] / _cColby Dickinson and Stéphane Symons, editors. |
| 250 | _a1st ed. | ||
| 300 |
_aviii, 329 p. ; _c24 cm. |
||
| 490 | 1 | _aPerspectives in continental philosophy | |
| 504 | _aIncludes bibliographical references and index. | ||
| 588 | _aDescription based on print version. | ||
| 600 | 1 | 0 |
_aBenjamin, Walter, _d1892-1940. _955472 |
| 700 | 1 |
_aDickinson, Colby. _955473 |
|
| 700 | 1 |
_aSymons, Stéphane _c(Philosopher) _955474 |
|
| 830 | 0 |
_aFordham Perspectives in Continental Philosophy. _955475 |
|
| 830 | 0 |
_aATLA Special Series. 0 _aACLS Humanities E-Book. _955476 |
|
| 830 | 0 |
_aPerspectives in continental philosophy. _955477 |
|
| 856 | 4 | 0 |
_zVolltext _uhttps://hdl.handle.net/2027/heb33782 |
| 942 | _cEB | ||
| 500 | _aE-Book-ACLS / Zugriff nur im DHI-Lesesaal | ||
| 653 | _aReligion. | ||
| 336 |
_2rdacontent _btxt _aText |
||
| 337 |
_2rdamedia _bbc _aComputermedien |
||
| 338 |
_2rdacarrier _bcr _aOnline Ressource |
||
| 264 |
_aNew York : _bFordham University Press, _c2016. |
||
| 041 | _aeng | ||
| 500 | _aAmerican Council of Learned Societies/ https://www.humanitiesebook.org/about/ | ||
| 999 |
_c69110 _d69110 |
||